Alcohol De-Addiction: (Record no. 212284)

MARC details
000 -LEADER
fixed length control field 00686nam a22002057a 4500
005 - DATE AND TIME OF LATEST TRANSACTION
control field 20250709143037.0
010 ## - LCCN (DPL NO)
LC control number ENG-145895
020 ## - INTERNATIONAL STANDARD BOOK NUMBER
Terms of availability 395.00
International Standard Book Number 9789395368773
035 ## - SYSTEM CONTROL NUMBER
System control number EN-129427
037 ## - SOURCE OF ACQUISITION
Source of stock number/acquisition DBAD
082 ## - DEWEY DECIMAL CLASSIFICATION NUMBER
Classification number 363.293
100 ## - MAIN ENTRY--PERSONAL NAME
Personal name Sahoo, Prabhudarsan
245 ## - TITLE STATEMENT
Title Alcohol De-Addiction:
Statement of responsibility, etc Prabhudarsan Sahoo and Namita Mohanty
Remainder of title A Journey Through Counselling
250 ## - EDITION STATEMENT
Edition statement 1
260 ## - PUBLICATION, DISTRIBUTION, ETC. (IMPRINT)
Place of publication, distribution, etc Hyderabad
Name of publisher, distributor, etc Neelkamal Publications Pvt. Ltd.
Date of publication, distribution, etc 2024
270 ## - ADDRESS
City Hyderabad
Address Sultan Bazar, Koti, Hyderabad
Postal code 500001
Telephone number 040-24757140
-- +91 9811828953
300 ## - PHYSICAL DESCRIPTION
Extent 192 p.
Dimensions 24.1 cm(pb)
700 ## - ADDED ENTRY--PERSONAL NAME
Personal name Mohanty, Namita
9 (RLIN) 82838
942 ## - ADDED ENTRY ELEMENTS (KOHA)
Source of classification or shelving scheme Dewey Decimal Classification
Item type English Books
Classification part 363.293
Call number suffix SAH
Holdings
Withdrawn status Lost status Not for loan Collection code Home library Current library Date acquired Source of acquisition Cost, normal purchase price Full call number Barcode Copy number Cost, replacement price Koha item type
      Non-fiction Central Library Central Library 09/07/2025 DBAD 395.00 363.293 SAH EN-129427 1 395.00 English Books

© Delhi Public Library
Hit Counter
free hit counter